000 00641cam a22002294a 4500
005 20251201104409.0
020 _a9780199211029
_cTZS 88,117=
040 _aMCCL
_beng.
_eAACR 2nd rev.ed.
082 _a344.046 BEL
100 _aBell,Stuart
245 1 0 _aEnvironmental law
_c/ Stuart,Bell and Donald,McGillivray
250 _a7th ed.
260 _aNew York :
_bOxford university press.;
_cc 2002.
300 _alxii,783 p. :
_c24 cm.
504 _aIncludes index.
546 _aeng.
650 0 _aEnvironmental law
650 0 _aEnvironmental protection
650 0 _aWaste management
700 _aMcGillivray, Donald
942 _cBK
999 _c12233
_d12233